000 00200 a2200097 4500
001 48733
100 _aChauez
245 _aTeaching tennis
260 _aNew Delhi
_bSurjeet
_c
090 _c31635
_d31635
942 _aNUST-CAE
_cM
_c24042
999 _c283806
_d283806